Cases and materials on legislation : statutes and the creation of public policy (Record no. 4630)

MARC details
000 -LEADER
fixed length control field 01152nam a22002057a 4500
020 ## - INTERNATIONAL STANDARD BOOK NUMBER
ISBN 9780314172563
050 ## - CALL NUMBER
Classification number KF4945.A7
Item number Es4
100 ## - AUTHOR
Personal name Eskridge,William N
245 ## - TITLE
Title Cases and materials on legislation : statutes and the creation of public policy
Statement of responsibility, etc Eskridge,William N Jr.; Philip P Frickey; Elizabeth Garrett
250 ## - EDITION
Edition statement 4th ed
260 ## - PUBLICATION INFORMATION
Place of publication St. Paul, MN :
Name of publisher Thomson/West,
Year of publication ©2007.
300 ## - DESCRIPTION
Number of Pages xxxii, 1283, 47 pages ;
Dimensions 26 cm.
440 ## - SERIES
SERIES American casebook series.
500 ## - NOTES
General note Accompanied by: Teacher's manual.<br/>Includes index.
505 ## - FORMATTED CONTENTS NOTE
Table of Content An introduction to legislation --<br/>Representational structures --<br/>Structures of legislative deliberation --<br/>Due process of lawmaking --<br/>Direct democracy as an alternative to republican government --<br/>Statutes as a source of public policy in the United States (Theories of legisprudence) --<br/>Theories of statutory interpretation --<br/>Doctrines of statutory interpretation --<br/>Implementation of statutes.
650 ## - SUBJECTS
Topical Term Legislation -- United States -- Cases.
650 ## - SUBJECTS
Topical Term Public law -- United States -- Cases.
650 ## - SUBJECTS
Topical Term Cases. Legislation.
942 ## - ADDED ENTRY ELEMENTS (KOHA)
Koha item type Books
Holdings
Withdrawn status Lost status Collection code Home library Current library Shelving location Date acquired Full call number Accession Number Koha item type
    Reference Methodist University Library Main Methodist University Law Library Reference   KF4945.A7 Es4 2433 Books
Copyright © 2026  MUG Library